Grafomotricidad: 5-6 años

Na minha lista:
Detalhes bibliográficos
Main Authors: Gallego Ortega, José Luis (Author), Gallego Lorca, A (Author)
Formato: Livro
Idioma:espanhol
Publicado em: Barcelona Vicens Vives 2004
Edição:1a. ed
Colecção:La Luna de Papel, 1
Assuntos:
Tags: Adicionar Tag
Sem tags, seja o primeiro a adicionar uma tag!

MARC

LEADER 00000nam a2200000 a 4500
001 UCI9884
003 CL-VaPUC
005 20240823090815.0
008 081212e20040000SP |||||||||||||||||spa|d
999 |c 332331  |d 332329 
020 |a 8431675411 
040 |c Pontificia Universidad Católica de Valparaíso 
082 0 4 |a 152.3 GAL 2004  |2 21 
100 |a Gallego Ortega, José Luis  |e author  |9 533894 
245 1 0 |a Grafomotricidad: 5-6 años 
250 |a 1a. ed 
260 |a Barcelona  |b Vicens Vives  |c 2004 
300 |a 30 p 
490 0 |a La Luna de Papel, 1 
583 |a last modification  |c 20081212 00:00:00  |k Rodrigo Vera 
650 0 |a Grafomotricidad  |9 387722  |v Ejercicios prácticos   |x Niños 5-6 años  
650 0 |a Iniciación a la escritura   |9 890787  |x Niños 5-6 años  
650 0 |a Aptitud motora   |9 307455  |x Educación infantil  
700 0 |a Gallego Lorca, A  |e author  |9 533892 
942 |c BK  |2 ddc 
945 |d 20081212 00:00:00  |a jtorresc 
952 |0 0  |1 0  |2 ddc  |4 0  |6 372_634000000000000_GAL_2004  |7 0  |8 A  |9 419941  |a BIBEDU  |b BIBEDU  |d 2019-11-22  |i 4505662  |o 372.634 GAL 2004  |p 4505662  |r 2019-11-22  |w 2019-11-22  |y BK  |k EBA